WWE and AEW Finishers - Statistics

General Stats
  • This quiz has been taken 91 times
  • The average score is 17 of 29
Answer Stats
Hint Answer % Correct
Roman Reigns Spear
100%
Randy Orton RKO
83%
Seth Rollins The Stomp
81%
CM Punk GTS
80%
Brock Lesnar F5
79%
Kevin Owens Stunner
79%
Cody Rhodes Cross Rhodes
76%
Goldberg Jackhammer
74%
Big E Big Ending
71%
Dolph Ziggler Zig Zag
71%
Sheamus Brogue Kick
70%
Natalya Sharpshooter
64%
Kofi Kingston Trouble in Paradise
63%
Adam Page Buckshot
60%
Finn Balor Coup de Grace
59%
Kenny Omega One Winged Angel
59%
Sasha Banks Bank Statement
54%
Becky Lynch Manhandle Slam
51%
Jon Moxley Paradigm Shift
49%
Ricochet 630
47%
Samoa Joe Muscle Buster
46%
Britt Baker Lockjaw
44%
Bryan Danielson Running Knee
41%
MJF Salt of the Earth
40%
FTR Big Rig
36%
Adam Cole Boom
36%
Young Bucks Meltzer Driver
33%
Wardlow Powerbomb Symphony
31%
Bron Breakker Military Press Powerslam
14%
No matching quizzes found
Score Distribution
Percent of People with Each Score
Percentile by Number Answered
Your Score History
You have not taken this quiz